000 01194nam a2200229Ia 4500
001 19446
003 GE_BSU
008 181216s||||||||xx |||||||||||||| ||und||
040 _cGE_BSU
080 _a811.353.1(058)
245 _aმოამბე,XII აკად. ნ. მარის სახელობის ენის, ისტორიისა და მატერიალური კულტურის ინსტიტუტის მოამბე Известия института языка, истории и материальной культуры им. акад. Н.Я. Марра,=Bulletin De L'Institut Marr De Langues, D'Histoire et De Culture Materielle
245 _cრედ:არნ.ჩიქობავა
260 _aთბილისი
260 _bსაქართველოს სსრ მეცნიერებათა აკადემიის გამომცემლობა
260 _c1942
300 _a302გვ;24სმ.
520 _aენიმკის მოამბე
541 _h3ლ.
653 _aენათმეცნიერება,
653 _aმოამბე, XII
942 _cBK
999 _c52424
_d52424